000 00930nam a22003017a 4500
003 CHAP
005 20220329141525.0
008 971013s1988 r 00010 d
010 _a69549
011 _a70521
035 _a80002
040 _cCHAP
082 _a615.1
_bR6 1988
100 0 0 _aRosenstein Ster, Emilio.
_9100130
245 _aProntuario de especialidades veterinarias
250 _a11 ed.
260 _aMéxico, D. F. :
_bCentro Profesional de Publicaciones,
_c1988
300 _a[350] p.
500 _a34-207
590 _aBATCH-UPD
_b10
_c20130110
_lUCH01
_h2041
590 _aCONVERSION
_b10
_c20130109
_lUCH01
_h1338
650 1 4 _aFarmacopea.
_939766
650 1 4 _aVeterinaria
_xMedicamentos.
_9119002
901 _aBK
942 _cLIBRO
949 _a615.1 R6 1988
_bBC
_cC
_d-32896
_eC
_gI.147769
_h76490
_i80002
_si
_t60.00
949 _a615.1 R6 1988
_bBC
_cC
_d-97348
_eC
_fc.2
_gI.147770
_h76491
_i80002
_si
_t60.00
999 _c69549
_d69549